MESTSKÁ KNIŽNICA GIRALTOVCE  - online katalóg 

Záhady starej Európy (Record no. 10272)

000 -NÁVESTIE
fixed length control field 00788nam a2200241 a 4500
008 - ÚDAJE S PEVNOU DĹŽKOU – VŠEOBECNÉ INFORMÁCIE
fixed length control field 951031s1992||||[C 0 slo c
020 ## - MEDZINÁRODNÉ ŠTANDARDNÉ ČÍSLO KNIHY (ISBN)
Medzinárodné štandardné číslo knihy (ISBN) 8022102539
Údaje o dostupnosti 69
040 ## - ZDROJ KATALOGIZÁCIE
Pôvodná katalogizujúca agentúra SNK
Jazyk katalogizácie slo
Prepisujúca agentúra SNK
Konvencie popisu AACR2
041 1# - KÓD JAZYKA
Kód jazyka textu/zvukovej stopy alebo samostatných nápisov slo
Kód jazyka originálu a/alebo sprostredkujúcich prekladov textu ger
044 ## - KÓD KRAJINY VYDAVATEĽA/PRODUCENTA
Kód krajiny MARC xo
Kód krajiny ISO SK
080 ## - ČÍSLO MEDZINÁRODNÉHO DESATINNÉHO TRIEDENIA (MDT)
Číslo Medzinárodného desatinného triedenia (MDT) 001.94(4)
080 ## - ČÍSLO MEDZINÁRODNÉHO DESATINNÉHO TRIEDENIA (MDT)
Číslo Medzinárodného desatinného triedenia (MDT) 830-9
100 1# - OSOBNÉ MENÁ – VŠEOBECNÉ INFORMÁCIE
Osobné meno Däniken, Erich von
Kód roly aut
245 10 - NÁZOV
Názov Záhady starej Európy
Zvyšok názvu Po stopách tajuplných línií
Údaj o zodpovednosti atď. Erich von Däniken ; Prekl. Rudolf Tandlmajer
250 ## - ÚDAJ O PORADÍ VYDANIA
Údaj o poradí vydania 1. vyd.
260 ## - VYDAVATEĽSKÉ ÚDAJE, DISTRIBÚCIA ATĎ.
Miesto publikovania, distribúcie atď. Bratislava
Názov vydavateľa, distibútora atď. Smena
Dátum publikovania, distribúcie atď. 1992
Miesto výroby Martin
Výrobca Neografia
300 ## - FYZICKÝ POPIS
Rozsah 125 s., 11,10 AH, 11,31 VH
Ďalšie fyzické detaily Fotogr., sch., lit. 32 zázn. v angl., franc. a nem.
Rozmery 22 cm
500 ## - VŠEOBECNÁ POZNÁMKA
Formátovaná poznámka o obsahu Rozlož. tit. list.
500 ## - VŠEOBECNÁ POZNÁMKA
Formátovaná poznámka o obsahu Mimo edície
700 1# - PRIDANÝ VSTUP – OSOBNÉ MENO
Osobné meno Tandlmajer, Rudolf
Kód roly trl
765 0# - VÄZBA NA PÔVODNÝ JAZYK
Názov Die Rätsel im Alten Europa
958 ## - Formálny deskriptor
Formálny deskriptor APR
Holdings
Stav stiahnutia (Blokovanie) (Withrawn status) Stav straty Stav poškodenia (Damaged status) Nie pre výpožičky (Not for loan) Spôsob nadobudnutia (Collection code) Trvalé umiestnenie Aktuálne umiestnenie Dátum nadobudnutia Náklady, bežná kúpna cena Inventárne číslo (prírastkové číslo) Full call number Dátum posledného výskytu Cena s účinnosťou od Typ jednotky Koha
        Kúpa Mestská knižnica Giraltovce Mestská knižnica Giraltovce 2019-11-29 69.00 09665 B 3846 2019-11-29 2019-11-29 Krásna literatúra pre dospelých

Powered by Koha